| 000 | 00397nam a2200133Ia 4500 | ||
|---|---|---|---|
| 008 | 230907s9999||||xx |||||||||||||| ||und|| | ||
| 082 |
_a604.25 _bMAD |
||
| 100 | _aMadsen, David A. | ||
| 245 | 0 | _aPrint reading for engineering and manufacturing technology / | |
| 260 |
_aDelmar, Cengage Learning, _bClifton Park, NY : _c2013 |
||
| 300 | _axx, 524 p. : | ||
| 650 |
_aTextbooks. _98511 |
||
| 942 | _cBK | ||
| 999 |
_c599095 _d599095 |
||